| 000 | 00929nam a22002417a 4500 | ||
|---|---|---|---|
| 999 |
_c6730 _d6730 |
||
| 003 | AR-CdUCM | ||
| 008 | 190319b ||||| |||| 00| 0 spa d | ||
| 040 |
_aMUNICIPALIDAD PROVINCIAL DEL CUSCO _cBIBLIOTECA MUNICIPAL DEL CUSCO |
||
| 041 | _hfre | ||
| 082 |
_a539 / _bD39 |
||
| 100 |
_aDenisse, J. F. _918945 |
||
| 245 | _aTeoría de las ondas en los plasmas / | ||
| 260 |
_aMadrid : _bAlhambra, _c1968. |
||
| 300 |
_a160 paginas , _bFormulas, Diagramas, cuadros, _c20 cm. |
||
| 440 |
_aColección Exedra ciencia técnica - ingeniería _n26 _918946 |
||
| 505 | _aEcuaciones generales -- Ecuación de dispersión de las ondas planas -- Ondas electromagnéticas transversales -- Ondas longitudinales -- Clasificación de las ondas | ||
| 650 |
_aFísica _92382 |
||
| 650 |
_aOndas planas _918947 |
||
| 650 |
_aPlasma _918948 |
||
| 700 |
_aVallés Abarca, José Antonio (Traductor) _918909 |
||
| 942 |
_2ddc _cLIBROS |
||
| 945 | _awnts | ||